Statistics for Fallout States

Click here to take the quiz!

General Stats

  • This quiz has been taken 60 times
    (41 since last reset)
  • The average score is 9 of 12

Answer Stats

Game State % Correct
FalloutCalifornia
96%
Fallout 76West Virginia
96%
FalloutNevada
88%
Fallout 3Maryland
88%
Fallout 4Massachusetts
79%
Fallout 3Virginia
71%
Fallout 3Pennsylvania
71%
Fallout: New VegasArizona
67%
Fallout: New VegasUtah
67%
Fallout 4Maine
58%
Fallout 3Alaska
54%
Fallout 2Oregon
50%

Score Distribution

Percentile by Number Answered

Percent of People with Each Score

Your Score History

You have not taken this quiz since the last reset